[Event "SS Manhem Chess Week 2016 GM and IM tournaments"]
[Site "Idrottsvägen 2, Mölnlycke, Sweden"]
[Date "2016.08.15"]
[Round "4.7"]
[White "Ernst, Thomas"]
[Black "Andersson, Tommy"]
[Result "1/2-1/2"]
[BlackElo "2386"]
[WhiteElo "2357"]
[LiveChessVersion "1.4.8"]

1. e4 {[%clk 1:30:55]} c5 {[%clk 1:30:55]} 2. Nf3 {[%clk 1:31:17]} d6
{[%clk 1:31:22]} 3. d4 {[%clk 1:31:40]} cxd4 {[%clk 1:31:48]} 4. Nxd4
{[%clk 1:32:06]} Nf6 {[%clk 1:32:15]} 5. Nc3 {[%clk 1:32:28]} a6 {[%clk 1:32:44]}
6. Be3 {[%clk 1:32:47]} e5 {[%clk 1:32:15]} 7. Nf3 {[%clk 1:33:08]} Qc7
{[%clk 1:32:42]} 8. a4 {[%clk 1:33:14]} h6 {[%clk 1:32:04]} 9. a5
{[%clk 1:28:19]} Be6 {[%clk 1:31:44]} 10. Be2 {[%clk 1:28:17]} Be7
{[%clk 1:30:41]} 11. O-O {[%clk 1:24:58]} Qc6 {[%clk 1:27:52]} 12. Qd3
{[%clk 1:20:20]} Nbd7 {[%clk 1:27:43]} 13. Nd2 {[%clk 1:09:29]} Nc5
{[%clk 1:23:32]} 14. Bxc5 {[%clk 1:09:28]} Qxc5 {[%clk 1:19:49]} 15. Nc4
{[%clk 1:03:43]} O-O {[%clk 1:14:09]} 16. Nb6 {[%clk 0:58:08]} Rad8
{[%clk 1:08:15]} 17. Ncd5 {[%clk 0:52:13]} Bxd5 {[%clk 1:05:12]} 18. exd5
{[%clk 0:51:57]} Nd7 {[%clk 1:00:11]} 19. Nxd7 {[%clk 0:45:20]} Rxd7
{[%clk 1:00:25]} 20. c4 {[%clk 0:45:04]} f5 {[%clk 0:58:47]} 21. Qa3
{[%clk 0:42:19]} Qa7 {[%clk 0:52:02]} 22. b4 {[%clk 0:39:55]} e4 {[%clk 0:50:26]}
23. Qe3 {[%clk 0:38:53]} Qxe3 {[%clk 0:45:19]} 24. fxe3 {[%clk 0:39:17]} Rc7
{[%clk 0:38:34]} 25. g3 {[%clk 0:33:43]} g5 {[%clk 0:34:38]} 26. Rab1
{[%clk 0:32:32]} Kg7 {[%clk 0:33:44]} 27. b5 {[%clk 0:32:15]} f4 {[%clk 0:31:48]}
28. gxf4 {[%clk 0:27:55]} gxf4 {[%clk 0:32:05]} 29. exf4 {[%clk 0:27:43]} Bf6
{[%clk 0:32:06]} 30. bxa6 {[%clk 0:26:42]} Bd4+ {[%clk 0:31:26]} 31. Kh1
{[%clk 0:26:13]} bxa6 {[%clk 0:31:42]} 32. Rb3 {[%clk 0:25:42]} Rcf7
{[%clk 0:13:46]} 33. Rg3+ {[%clk 0:21:38]} Kh7 {[%clk 0:10:40]} 34. Rg4
{[%clk 0:20:31]} Bc3 {[%clk 0:06:58]} 35. f5 {[%clk 0:13:55]} Rxf5
{[%clk 0:05:41]} 36. Rxf5 {[%clk 0:14:16]} Rxf5 {[%clk 0:06:09]} 37. Rxe4
{[%clk 0:14:32]} Re5 {[%clk 0:04:34]} 38. Rxe5 {[%clk 0:14:13]} Bxe5
{[%clk 0:04:37]} 39. Bg4 {[%clk 0:13:40]} Bc3 {[%clk 0:04:59]} 40. Bc8
{[%clk 0:14:00]} Bxa5 {[%clk 0:05:22]} 1/2-1/2

[Event "SS Manhem Chess Week 2016 GM and IM tournaments"]
[Site "Idrottsvägen 2, Mölnlycke, Sweden"]
[Date "2016.08.15"]
[Round "4.8"]
[White "Franco Alonso, Alejandro"]
[Black "Efroimski, Marsel"]
[Result "1-0"]
[BlackElo "2329"]
[WhiteElo "2430"]
[LiveChessVersion "1.4.8"]

1. Nf3 {[%clk 1:30:54]} Nf6 {[%clk 1:30:47]} 2. c4 {[%clk 1:31:16]} g6
{[%clk 1:31:13]} 3. Nc3 {[%clk 1:31:33]} d5 {[%clk 1:31:40]} 4. cxd5
{[%clk 1:31:30]} Nxd5 {[%clk 1:32:06]} 5. d4 {[%clk 1:31:53]} Bg7
{[%clk 1:32:15]} 6. e4 {[%clk 1:32:15]} Nxc3 {[%clk 1:32:38]} 7. bxc3
{[%clk 1:32:40]} O-O {[%clk 1:24:36]} 8. Be3 {[%clk 1:29:39]} c5 {[%clk 1:25:03]}
9. Qd2 {[%clk 1:29:55]} cxd4 {[%clk 1:17:14]} 10. cxd4 {[%clk 1:30:09]} Bg4
{[%clk 1:17:29]} 11. Rc1 {[%clk 1:18:58]} Bxf3 {[%clk 1:07:05]} 12. gxf3
{[%clk 1:19:21]} f5 {[%clk 1:00:53]} 13. e5 {[%clk 1:10:44]} Nd7 {[%clk 0:48:23]}
14. f4 {[%clk 1:08:12]} Nb6 {[%clk 0:40:16]} 15. Bg2 {[%clk 1:00:31]} Qd7
{[%clk 0:40:11]} 16. O-O {[%clk 0:55:51]} Rad8 {[%clk 0:32:35]} 17. Rfd1
{[%clk 0:42:12]} Nd5 {[%clk 0:28:14]} 18. Rc5 {[%clk 0:31:48]} Qe6
{[%clk 0:26:41]} 19. Qc2 {[%clk 0:19:08]} Rd7 {[%clk 0:14:28]} 20. Rb1
{[%clk 0:14:10]} Rfd8 {[%clk 0:06:30]} 21. Rbb5 {[%clk 0:12:13]} Qf7
{[%clk 0:01:04]} 22. Rxd5 {[%clk 0:09:41]} Rxd5 {[%clk 0:01:27]} 23. Rxd5
{[%clk 0:10:05]} Rxd5 {[%clk 0:01:51]} 24. Qc8+ {[%clk 0:10:22]} Bf8
{[%clk 0:01:45]} 25. e6 {[%clk 0:10:42]} Qg7 {[%clk 0:01:48]} 26. Bxd5
{[%clk 0:10:56]} g5 {[%clk 0:02:10]} 27. Bg2 {[%clk 0:04:42]} gxf4
{[%clk 0:02:16]} 28. Bxf4 {[%clk 0:05:04]} Qxd4 29. Qe8 {[%clk 0:03:54]} Qa1+
{[%clk 0:01:13]} 30. Bf1 {[%clk 0:04:14]} Qf6 {[%clk 0:00:39]} 31. Bc4
{[%clk 0:03:23]} Kg7 {[%clk 0:00:40]} 32. h4 {[%clk 0:02:20]} a6 {[%clk 0:00:36]}
33. h5 {[%clk 0:01:09]} h6 {[%clk 0:00:58]} 34. Kg2 {[%clk 0:00:57]} b5
{[%clk 0:01:14]} 35. Bd5 {[%clk 0:01:17]} Kh7 {[%clk 0:00:40]} 36. Qf7+
{[%clk 0:01:20]} Bg7 {[%clk 0:00:53]} 37. Qxf6 {[%clk 0:01:01]} Bxf6
{[%clk 0:01:19]} 38. Bc7 {[%clk 0:00:44]} Bc3 {[%clk 0:01:35]} 39. f4
{[%clk 0:00:39]} Bd2 {[%clk 0:00:54]} 40. Bd6 {[%clk 0:00:44]} 1-0

[Event "SS Manhem Chess Week 2016 GM and IM tournaments"]
[Site "Idrottsvägen 2, Mölnlycke, Sweden"]
[Date "2016.08.15"]
[Round "4.9"]
[White "Ask, Josef"]
[Black "Fendrich, David"]
[Result "0-1"]
[BlackElo "2201"]
[WhiteElo "2208"]
[LiveChessVersion "1.4.8"]

1. e4 {[%clk 1:30:56]} c5 {[%clk 1:30:52]} 2. d3 {[%clk 1:30:59]} Nc6
{[%clk 1:30:48]} 3. f4 {[%clk 1:30:59]} g6 {[%clk 1:31:02]} 4. Nf3
{[%clk 1:31:07]} Bg7 {[%clk 1:31:24]} 5. Be2 {[%clk 1:30:39]} d6 {[%clk 1:31:34]}
6. O-O {[%clk 1:30:11]} e5 {[%clk 1:31:47]} 7. Nc3 {[%clk 1:27:40]} Nge7
{[%clk 1:31:40]} 8. Qe1 {[%clk 1:24:48]} O-O {[%clk 1:31:22]} 9. Qh4
{[%clk 1:23:21]} f6 {[%clk 1:31:29]} 10. fxe5 {[%clk 1:18:40]} dxe5
{[%clk 1:31:32]} 11. Be3 {[%clk 1:15:23]} Nd4 {[%clk 1:29:15]} 12. Bd1
{[%clk 1:14:43]} Be6 {[%clk 1:26:40]} 13. Ne2 {[%clk 1:02:51]} Nec6
{[%clk 1:22:49]} 14. c3 {[%clk 0:59:54]} Nxe2+ {[%clk 1:14:15]} 15. Bxe2
{[%clk 1:00:19]} Qe7 {[%clk 1:12:49]} 16. a3 {[%clk 0:55:06]} a5 {[%clk 1:02:56]}
17. Qf2 {[%clk 0:49:50]} b6 {[%clk 0:59:25]} 18. Qh4 {[%clk 0:49:27]} Rfe8
{[%clk 0:42:54]} 19. g4 {[%clk 0:42:46]} Bf7 {[%clk 0:35:33]} 20. Nd2
{[%clk 0:40:55]} Qd7 {[%clk 0:30:38]} 21. Rf3 {[%clk 0:35:44]} g5
{[%clk 0:28:53]} 22. Qg3 {[%clk 0:35:08]} Nd8 {[%clk 0:28:37]} 23. h4
{[%clk 0:33:12]} Ne6 {[%clk 0:25:00]} 24. Nc4 {[%clk 0:26:54]} Nf4
{[%clk 0:24:31]} 25. Bf1 {[%clk 0:24:40]} Rab8 {[%clk 0:17:34]} 26. Bf2
{[%clk 0:22:55]} Be6 {[%clk 0:17:29]} 27. Ne3 {[%clk 0:21:35]} Bf8
{[%clk 0:13:16]} 28. Rd1 {[%clk 0:20:36]} Qc6 {[%clk 0:11:47]} 29. Re1
{[%clk 0:14:08]} Rbd8 {[%clk 0:11:51]} 30. Nf5 {[%clk 0:14:02]} Bxf5
{[%clk 0:09:41]} 31. gxf5 {[%clk 0:14:18]} Re7 {[%clk 0:09:50]} 32. hxg5
{[%clk 0:13:00]} Rg7 {[%clk 0:09:47]} 33. Qh2 {[%clk 0:11:40]} Rxg5+
{[%clk 0:08:41]} 34. Rg3 {[%clk 0:11:26]} Rxg3+ {[%clk 0:07:49]} 35. Qxg3+
{[%clk 0:11:35]} Kh8 {[%clk 0:08:07]} 36. d4 cxd4 {[%clk 0:05:48]} 37. cxd4
{[%clk 0:08:19]} Bh6 {[%clk 0:05:56]} 38. Qc3 {[%clk 0:06:26]} Rg8+
{[%clk 0:05:18]} 39. Kh2 {[%clk 0:06:23]} Qe8 {[%clk 0:04:23]} 40. Bh3
{[%clk 0:05:29]} Qh5 {[%clk 0:01:44]} 41. Rg1 {[%clk 0:05:29]} Bg5
{[%clk 0:15:23]} 42. dxe5 {[%clk 0:19:59]} Nxh3 {[%clk 0:13:20]} 43. Qxh3
{[%clk 0:20:07]} Bf4+ {[%clk 0:13:43]} 44. Bg3 {[%clk 0:20:23]} Qxh3+
{[%clk 0:13:32]} 45. Kxh3 {[%clk 0:20:47]} Bxe5 {[%clk 0:13:25]} 46. Bxe5
{[%clk 0:20:20]} Rxg1 {[%clk 0:13:38]} 47. Bxf6+ {[%clk 0:20:43]} Kg8
{[%clk 0:14:04]} 48. Bd4 {[%clk 0:20:50]} Re1 {[%clk 0:11:46]} 49. Bxb6
{[%clk 0:18:06]} a4 {[%clk 0:11:47]} 50. Kg4 {[%clk 0:17:54]} Rxe4+
{[%clk 0:12:10]} 51. Kg5 {[%clk 0:18:20]} Kf7 {[%clk 0:12:02]} 52. Ba5
{[%clk 0:18:05]} h6+ {[%clk 0:09:36]} 53. Kxh6 {[%clk 0:17:15]} Kf6
{[%clk 0:10:01]} 54. Bc3+ {[%clk 0:17:33]} Kxf5 {[%clk 0:10:27]} 55. Kg7
{[%clk 0:17:18]} Re7+ {[%clk 0:10:15]} 56. Kh6 {[%clk 0:12:19]} Re2
{[%clk 0:08:36]} 57. Kg7 {[%clk 0:11:49]} Ke6 {[%clk 0:08:44]} 58. Kf8
{[%clk 0:07:20]} Rf2+ {[%clk 0:08:48]} 59. Ke8 {[%clk 0:07:35]} Rf7
{[%clk 0:08:58]} 60. Kd8 {[%clk 0:07:41]} Kd5 {[%clk 0:09:02]} 61. Ke8
{[%clk 0:07:31]} Rh7 {[%clk 0:08:52]} 62. Kd8 {[%clk 0:07:42]} Kc4
{[%clk 0:09:16]} 63. Be5 {[%clk 0:07:38]} Kb3 {[%clk 0:09:33]} 64. Kc8
{[%clk 0:07:51]} Rh5 {[%clk 0:09:04]} 65. Bd4 {[%clk 0:03:16]} Rh2
{[%clk 0:08:38]} 0-1

[Event "SS Manhem Chess Week 2016 GM and IM tournaments"]
[Site "Idrottsvägen 2, Mölnlycke, Sweden"]
[Date "2016.08.15"]
[Round "4.10"]
[White "Ziegler, Ari"]
[Black "Kumar, Rahul"]
[Result "1-0"]
[BlackElo "2184"]
[WhiteElo "2301"]
[LiveChessVersion "1.4.8"]

1. d4 {[%clk 1:28:09]} g6 {[%clk 1:30:46]} 2. c4 {[%clk 1:28:31]} Bg7
{[%clk 1:30:59]} 3. e4 {[%clk 1:28:58]} d6 {[%clk 1:31:10]} 4. Nc3
{[%clk 1:29:20]} e5 {[%clk 1:29:31]} 5. d5 {[%clk 1:29:24]} Nf6 {[%clk 1:24:57]}
6. Nf3 {[%clk 1:29:28]} a5 {[%clk 1:23:04]} 7. Be2 {[%clk 1:29:34]} O-O
{[%clk 1:23:10]} 8. O-O {[%clk 1:25:57]} Nbd7 {[%clk 1:17:23]} 9. Bg5
{[%clk 1:25:47]} h6 {[%clk 1:16:27]} 10. Bh4 {[%clk 1:25:19]} Nc5
{[%clk 1:14:09]} 11. Nd2 {[%clk 1:25:23]} Bd7 {[%clk 1:10:47]} 12. b3
{[%clk 1:22:26]} c6 {[%clk 1:06:35]} 13. a3 {[%clk 1:19:11]} cxd5
{[%clk 0:59:44]} 14. cxd5 {[%clk 1:14:37]} g5 {[%clk 0:57:07]} 15. Bg3
{[%clk 1:14:58]} Qb6 {[%clk 0:50:31]} 16. Rc1 {[%clk 1:09:58]} Rfc8
{[%clk 0:45:43]} 17. Kh1 {[%clk 1:04:59]} Bf8 {[%clk 0:41:42]} 18. f3
{[%clk 1:02:46]} Nh5 {[%clk 0:35:18]} 19. Bf2 {[%clk 0:57:21]} Nf4
{[%clk 0:28:35]} 20. Bc4 {[%clk 0:49:33]} Qd8 {[%clk 0:26:03]} 21. Be3
{[%clk 0:34:08]} Qe8 {[%clk 0:25:01]} 22. a4 {[%clk 0:31:55]} Ncd3
{[%clk 0:22:17]} 23. Rb1 {[%clk 0:31:07]} Nc5 {[%clk 0:20:21]} 24. g3
{[%clk 0:30:00]} Ng6 {[%clk 0:19:41]} 25. Rc1 {[%clk 0:29:48]} Qe7
{[%clk 0:17:09]} 26. Qe2 {[%clk 0:29:44]} Bg7 {[%clk 0:15:46]} 27. Rg1
{[%clk 0:26:08]} b6 {[%clk 0:15:29]} 28. Bb5 {[%clk 0:25:34]} Rf8
{[%clk 0:13:07]} 29. Bxc5 {[%clk 0:23:11]} bxc5 {[%clk 0:12:45]} 30. Bxd7
{[%clk 0:22:32]} Qxd7 {[%clk 0:13:09]} 31. Nc4 {[%clk 0:22:53]} Rfb8
{[%clk 0:11:48]} 32. Nb5 {[%clk 0:23:07]} Bf8 {[%clk 0:11:23]} 33. Qd3
{[%clk 0:20:02]} Kh7 {[%clk 0:10:23]} 34. Rcf1 {[%clk 0:20:08]} Rb7
{[%clk 0:09:34]} 35. Ne3 {[%clk 0:19:11]} Rab8 {[%clk 0:07:14]} 36. Rg2
{[%clk 0:15:43]} Be7 {[%clk 0:07:06]} 37. Nf5 {[%clk 0:14:42]} Rb6
{[%clk 0:06:44]} 38. Qe2 Bf8 {[%clk 0:03:15]} 39. f4 {[%clk 0:06:20]} f6
{[%clk 0:00:33]} 40. fxg5 {[%clk 0:05:33]} fxg5 {[%clk 0:00:36]} 41. Rgf2
{[%clk 0:05:10]} R8b7 {[%clk 0:25:55]} 42. Qh5 {[%clk 0:34:20]} Nh8
{[%clk 0:19:23]} 43. Ne3 {[%clk 0:32:09]} Bg7 {[%clk 0:18:51]} 44. Ng4
{[%clk 0:31:48]} Ra6 {[%clk 0:15:07]} 45. Rf6 {[%clk 0:31:41]} Ra8
{[%clk 0:08:53]} 46. Rxh6+ {[%clk 0:31:42]} Kg8 {[%clk 0:08:54]} 47. Rxd6
{[%clk 0:27:34]} Qe7 {[%clk 0:07:53]} 48. Re6 {[%clk 0:27:41]} Qd7
{[%clk 0:07:32]} 49. Qxg5 {[%clk 0:27:31]} Rf8 {[%clk 0:07:20]} 50. Nh6+
{[%clk 0:27:40]} Kh7 {[%clk 0:07:38]} 51. Rxf8 {[%clk 0:28:04]} 1-0

[Event "SS Manhem Chess Week 2016 GM and IM tournaments"]
[Site "Idrottsvägen 2, Mölnlycke, Sweden"]
[Date "2016.08.16"]
[Round "5.6"]
[White "Efroimski, Marsel"]
[Black "Ernst, Thomas"]
[Result "1-0"]
[BlackElo "2357"]
[WhiteElo "2329"]
[LiveChessVersion "1.4.8"]

1. e4 {[%clk 1:26:58]} e6 {[%clk 1:30:47]} 2. d4 {[%clk 1:27:25]} d5
{[%clk 1:31:10]} 3. Nd2 {[%clk 1:27:52]} Nf6 {[%clk 1:31:31]} 4. e5
{[%clk 1:28:20]} Nfd7 {[%clk 1:31:49]} 5. Bd3 {[%clk 1:28:46]} c5
{[%clk 1:31:59]} 6. c3 {[%clk 1:29:14]} Nc6 {[%clk 1:32:17]} 7. Ngf3
{[%clk 1:29:41]} Qb6 {[%clk 1:32:22]} 8. O-O {[%clk 1:29:59]} Be7
{[%clk 1:32:06]} 9. Qe2 {[%clk 1:07:10]} cxd4 {[%clk 1:31:45]} 10. cxd4
{[%clk 1:06:44]} Nxd4 {[%clk 1:32:00]} 11. Nxd4 {[%clk 1:07:07]} Qxd4
{[%clk 1:32:23]} 12. Nf3 {[%clk 1:07:10]} Qb6 {[%clk 1:30:27]} 13. Be3
{[%clk 0:58:24]} Bc5 {[%clk 1:24:56]} 14. Bd2 {[%clk 0:53:55]} Nf8
{[%clk 1:16:38]} 15. Rac1 {[%clk 0:45:19]} Bd7 {[%clk 1:14:41]} 16. Rc3
{[%clk 0:36:23]} Rc8 {[%clk 0:54:32]} 17. Rfc1 {[%clk 0:33:31]} Rc6
{[%clk 0:54:43]} 18. Bb5 {[%clk 0:27:21]} Bxf2+ {[%clk 0:53:10]} 19. Qxf2
{[%clk 0:26:43]} Qxb5 {[%clk 0:53:15]} 20. Nd4 {[%clk 0:25:45]} Qxb2
{[%clk 0:49:35]} 21. Nxc6 {[%clk 0:25:30]} Bxc6 {[%clk 0:49:47]} 22. Rf1
{[%clk 0:14:41]} Qb6 {[%clk 0:49:55]} 23. Qxb6 {[%clk 0:14:40]} axb6
{[%clk 0:50:20]} 24. Ra3 {[%clk 0:14:15]} f5 {[%clk 0:38:39]} 25. exf6
{[%clk 0:14:23]} gxf6 {[%clk 0:39:02]} 26. Rxf6 {[%clk 0:11:48]} Nd7
{[%clk 0:38:27]} 27. Rxe6+ {[%clk 0:10:17]} Kf7 {[%clk 0:38:48]} 28. Rh6
{[%clk 0:06:24]} Nf8 {[%clk 0:38:11]} 29. Bc3 {[%clk 0:01:07]} Rg8
{[%clk 0:38:24]} 30. Bd4 {[%clk 0:00:37]} Rg4 {[%clk 0:37:13]} 31. Rf6+
{[%clk 0:00:43]} Ke7 {[%clk 0:35:34]} 32. Re3+ {[%clk 0:01:08]} Kd7
{[%clk 0:34:48]} 33. Rf7+ {[%clk 0:01:14]} Kd6 {[%clk 0:35:10]} 34. Be5+
{[%clk 0:01:23]} Kc5 {[%clk 0:35:32]} 35. Rxf8 {[%clk 0:01:29]} d4
{[%clk 0:35:50]} 36. Re2 {[%clk 0:01:29]} d3 {[%clk 0:36:03]} 37. Rd2
{[%clk 0:01:55]} Kc4 {[%clk 0:35:50]} 38. Rf4+ {[%clk 0:02:21]} Rxf4
{[%clk 0:36:13]} 39. Bxf4 {[%clk 0:02:49]} Kc3 {[%clk 0:36:35]} 40. Kf2
{[%clk 0:03:12]} 1-0

[Event "SS Manhem Chess Week 2016 GM and IM tournaments"]
[Site "Idrottsvägen 2, Mölnlycke, Sweden"]
[Date "2016.08.16"]
[Round "5.7"]
[White "Fries-Nielsen, Jens Ove"]
[Black "Franco Alonso, Alejandro"]
[Result "1/2-1/2"]
[BlackElo "2430"]
[WhiteElo "2369"]
[LiveChessVersion "1.4.8"]

1. e4 {[%clk 1:23:04]} c5 {[%clk 1:30:50]} 2. Nf3 {[%clk 1:23:02]} e6
{[%clk 1:31:00]} 3. Nc3 {[%clk 1:22:25]} a6 {[%clk 1:29:36]} 4. g3
{[%clk 1:21:44]} Nc6 {[%clk 1:28:03]} 5. Bg2 {[%clk 1:21:46]} Nf6
{[%clk 1:26:54]} 6. O-O {[%clk 1:21:53]} d6 {[%clk 1:25:26]} 7. b3
{[%clk 1:19:25]} Be7 {[%clk 1:23:05]} 8. Bb2 {[%clk 1:17:39]} O-O
{[%clk 1:22:39]} 9. d4 {[%clk 1:17:37]} cxd4 {[%clk 1:23:01]} 10. Nxd4
{[%clk 1:18:06]} Bd7 {[%clk 1:22:45]} 11. Nde2 {[%clk 1:10:55]} b5
{[%clk 1:16:25]} 12. a3 {[%clk 0:56:17]} Rb8 {[%clk 1:04:05]} 13. h3
{[%clk 0:53:40]} a5 {[%clk 0:56:57]} 14. a4 {[%clk 0:43:16]} bxa4
{[%clk 0:53:40]} 15. Nxa4 {[%clk 0:43:27]} Qc7 {[%clk 0:53:46]} 16. Nec3
{[%clk 0:41:37]} Nb4 {[%clk 0:52:31]} 17. g4 {[%clk 0:37:15]} Bc6
{[%clk 0:48:20]} 18. g5 {[%clk 0:36:53]} Nd7 {[%clk 0:48:37]} 19. h4
{[%clk 0:36:56]} e5 {[%clk 0:34:14]} 20. Qe2 {[%clk 0:35:48]} Bxa4
{[%clk 0:28:09]} 21. Rxa4 {[%clk 0:30:45]} Nc5 {[%clk 0:28:19]} 22. Rxb4
{[%clk 0:22:41]} axb4 {[%clk 0:27:32]} 23. Nd5 {[%clk 0:23:03]} Qd8
{[%clk 0:27:44]} 24. f4 {[%clk 0:23:02]} f6 {[%clk 0:18:57]} 25. Qc4
{[%clk 0:09:40]} Kh8 {[%clk 0:19:14]} 26. Nxb4 {[%clk 0:09:57]} Qd7
{[%clk 0:18:15]} 27. Nd5 {[%clk 0:10:00]} fxg5 {[%clk 0:11:13]} 28. fxg5
{[%clk 0:08:00]} Rxf1+ {[%clk 0:10:58]} 29. Qxf1 {[%clk 0:08:28]} Rf8
{[%clk 0:11:16]} 30. Qe2 {[%clk 0:08:54]} Ne6 {[%clk 0:09:23]} 31. Bc1
{[%clk 0:08:28]} Bd8 {[%clk 0:08:29]} 32. Be3 {[%clk 0:08:41]} Nf4
{[%clk 0:07:17]} 33. Bxf4 {[%clk 0:08:23]} exf4 {[%clk 0:07:43]} 34. Kh2
{[%clk 0:08:12]} Qa7 {[%clk 0:06:28]} 35. Bf3 {[%clk 0:08:21]} Bb6
{[%clk 0:06:25]} 36. c3 {[%clk 0:07:10]} Bf2 {[%clk 0:06:08]} 37. Kh3
{[%clk 0:07:08]} Bg3 {[%clk 0:06:09]} 38. b4 {[%clk 0:05:29]} Qd7+
{[%clk 0:03:44]} 39. Bg4 {[%clk 0:04:54]} Qf7 {[%clk 0:03:52]} 40. b5
{[%clk 0:02:29]} h6 {[%clk 0:00:38]} 41. gxh6 {[%clk 0:26:35]} g6
{[%clk 0:16:06]} 42. Qc4 {[%clk 0:24:33]} Bf2 {[%clk 0:13:36]} 43. Qc7
{[%clk 0:18:20]} Qxc7 {[%clk 0:13:06]} 44. Nxc7 {[%clk 0:18:48]} f3
{[%clk 0:08:59]} 45. Ne6 {[%clk 0:18:06]} Rc8 {[%clk 0:08:28]} 46. Bxf3
{[%clk 0:14:41]} Rxc3 {[%clk 0:08:46]} 47. Kg4 {[%clk 0:14:02]} Rb3
{[%clk 0:06:09]} 48. Nf8 {[%clk 0:10:51]} Rxb5 {[%clk 0:04:46]} 49. Nxg6+
{[%clk 0:11:15]} Kh7 {[%clk 0:05:10]} 50. Ne7 {[%clk 0:11:18]} Bd4
{[%clk 0:04:07]} 51. Nf5 {[%clk 0:10:31]} Be5 {[%clk 0:04:31]} 52. Be2
{[%clk 0:10:01]} Rb4 {[%clk 0:04:18]} 53. Kf3 {[%clk 0:10:18]} Kg6
{[%clk 0:03:42]} 54. Bd3 {[%clk 0:09:31]} Rb3 {[%clk 0:03:25]} 55. Ke2
{[%clk 0:09:56]} Rb4 {[%clk 0:02:43]} 56. Nxd6 {[%clk 0:08:53]} Bxd6
{[%clk 0:02:31]} 57. e5+ {[%clk 0:09:09]} Kxh6 {[%clk 0:02:54]} 58. exd6
{[%clk 0:09:36]} Rd4 {[%clk 0:02:49]} 59. Ke3 {[%clk 0:10:01]} Rxd6
{[%clk 0:03:13]} 60. Be2 {[%clk 0:09:52]} Kg6 {[%clk 0:03:25]} 61. Bg4
{[%clk 0:09:58]} Kf6 {[%clk 0:03:44]} 62. Bf3 {[%clk 0:09:16]} Ke5
{[%clk 0:04:00]} 63. Be4 {[%clk 0:09:28]} Rh6 {[%clk 0:04:15]} 64. Bb7
{[%clk 0:09:25]} Rxh4 {[%clk 0:04:39]} 65. Kd3 {[%clk 0:09:48]} Rd4+
{[%clk 0:01:45]} 66. Kc3 {[%clk 0:09:54]} Rd7 {[%clk 0:01:36]} 67. Bh1
{[%clk 0:10:06]} Rc7+ {[%clk 0:00:47]} 68. Kd3 {[%clk 0:10:26]} Ra7
{[%clk 0:00:55]} 69. Bg2 {[%clk 0:10:20]} Ra4 {[%clk 0:01:02]} 70. Bb7
{[%clk 0:10:32]} Rb4 {[%clk 0:00:48]} 71. Ba8 {[%clk 0:10:49]} Ra4
{[%clk 0:00:48]} 1/2-1/2

[Event "SS Manhem Chess Week 2016 GM and IM tournaments"]
[Site "Idrottsvägen 2, Mölnlycke, Sweden"]
[Date "2016.08.16"]
[Round "5.8"]
[White "Kumar, Rahul"]
[Black "Nygren, Kim"]
[Result "0-1"]
[BlackElo "2240"]
[WhiteElo "2184"]
[LiveChessVersion "1.4.8"]

1. e4 {[%clk 1:30:47]} c5 {[%clk 1:30:55]} 2. Na3 {[%clk 1:31:05]} Nc6
{[%clk 1:31:01]} 3. Bb5 {[%clk 1:31:22]} Nf6 {[%clk 1:31:02]} 4. Bxc6
{[%clk 1:31:30]} dxc6 {[%clk 1:30:48]} 5. d3 {[%clk 1:30:13]} g6 {[%clk 1:30:09]}
6. Nc4 {[%clk 1:30:24]} Bg7 {[%clk 1:30:08]} 7. f4 {[%clk 1:30:06]} Be6
{[%clk 1:24:06]} 8. Ne3 {[%clk 1:29:33]} Qc7 {[%clk 1:22:46]} 9. Qf3
{[%clk 1:27:58]} O-O-O {[%clk 1:20:34]} 10. Ne2 {[%clk 1:27:47]} h5
{[%clk 1:17:09]} 11. f5 {[%clk 1:20:55]} gxf5 {[%clk 1:15:47]} 12. Nxf5
{[%clk 1:21:10]} Rhg8 {[%clk 1:13:23]} 13. Bf4 {[%clk 1:12:06]} Qd7
{[%clk 1:08:24]} 14. Bg3 {[%clk 1:00:20]} b6 {[%clk 1:05:48]} 15. O-O-O
{[%clk 0:47:15]} Bxf5 {[%clk 0:55:40]} 16. exf5 {[%clk 0:47:03]} Nd5
{[%clk 0:49:00]} 17. Kb1 {[%clk 0:44:41]} Bf6 {[%clk 0:45:59]} 18. c4
{[%clk 0:26:10]} Nc7 {[%clk 0:43:02]} 19. Rhf1 {[%clk 0:25:07]} h4
{[%clk 0:40:43]} 20. Bf4 {[%clk 0:23:14]} Kb7 {[%clk 0:39:31]} 21. Be3
{[%clk 0:20:14]} Be5 {[%clk 0:22:45]} 22. g3 {[%clk 0:18:37]} hxg3
{[%clk 0:21:06]} 23. hxg3 {[%clk 0:19:02]} Ne8 {[%clk 0:17:21]} 24. d4
{[%clk 0:17:55]} cxd4 {[%clk 0:17:19]} 25. Bxd4 {[%clk 0:18:18]} Bd6
{[%clk 0:07:41]} 26. g4 {[%clk 0:17:55]} Qc7 {[%clk 0:07:05]} 27. Nc3
{[%clk 0:17:38]} Kb8 {[%clk 0:06:39]} 28. Ne4 {[%clk 0:17:19]} c5
{[%clk 0:06:05]} 29. Bc3 {[%clk 0:16:35]} Qc6 {[%clk 0:04:46]} 30. Rd3
{[%clk 0:16:37]} Bc7 {[%clk 0:04:00]} 31. Rxd8+ {[%clk 0:09:52]} Bxd8
{[%clk 0:04:25]} 32. Rd1 {[%clk 0:08:14]} Bc7 {[%clk 0:04:30]} 33. Rd5
{[%clk 0:08:15]} e6 {[%clk 0:03:28]} 34. Nf6 {[%clk 0:04:55]} Nxf6
{[%clk 0:02:18]} 35. Rd8+ {[%clk 0:05:18]} Kb7 {[%clk 0:02:46]} 36. Qxc6+
{[%clk 0:02:01]} Kxc6 {[%clk 0:03:07]} 0-1